000 00825nam a2200253Ia 4500
003 OSt
005 20220923213010.0
006 a|||||r|||| 00| 0
007 ta
008 220922b |||||||| |||| 00| 0 hin d
024 _a158,227
037 _cTextual
040 _aARTS
_cARTS
_bhin
041 _2hin
_ahin
082 _aY:351, 152J2
100 _aसत्यार्थी, देवेन्द्र
245 0 _aबाजत आवे ढोल
246 _aBājat āve ḍhola
260 _aनई दिल्ली
_b एशिया प्रकाशन
_c1952
300 _a160पृ.
_ccm.
650 _aभारतीय-लोक साहित्य
942 _hY:351, 152J2
_cTEXL
_2CC
999 _c313026
_d313026